| 000 | 01304nam a2200361 a 4500 | ||
|---|---|---|---|
| 001 | 81369 | ||
| 003 | BD-RjUL | ||
| 005 | 20230510155030.0 | ||
| 008 | 230510s2020 sz ob 001 0 eng d | ||
| 020 |
_a9783030351106 _q(electronic bk.) |
||
| 020 |
_a3030351106 _q(electronic bk.) |
||
| 020 | _z9783030351090 | ||
| 035 | _a(BD-RjUL)81369 | ||
| 040 |
_aN$T _beng _erda _epn _cN$T _dN$T _dUk _dBD-RjUL |
||
| 041 | _aeng | ||
| 082 | 0 | 4 |
_223 _a548 _bHOI 2020 |
| 100 | 1 |
_aHoffmann, Frank, _eauthor. _97391 |
|
| 245 | 1 | 0 |
_aIntroduction to crystallography / _cFrank Hoffmann. |
| 264 | 1 |
_aCham, Switzerland : _bSpringer, _c2020. |
|
| 300 |
_a309 pages : _billustrations; _c25 cm. |
||
| 336 |
_atext _2rdacontent |
||
| 337 |
_acomputer _2rdamedia |
||
| 338 |
_aonline resource _2rdacarrier |
||
| 500 | _aAcademic | ||
| 504 | _aIncludes bibliographical references and index. | ||
| 540 |
_aRestricted: Printing from this resource is governed by The Legal Deposit Libraries (Non-Print Works) Regulations (UK) and UK copyright law currently in force. _5UkOxU |
||
| 588 | 0 | _aOnline resource; title from PDF title page (EBSCO, viewed August 28, 2020). | |
| 650 | 0 |
_aCrystallography. _97392 |
|
| 942 |
_2ddc _cBK |
||
| 999 |
_c81369 _d81369 |
||